[Event "Camp. russo a squadre 2007"]
[Site "Sochi RUS"]
[Date "2007.05.09"]
[Round "8"]
[White "Gelfand, B."]
[Black "Miton, K."]
[Result "1/2-1/2"]
[WhiteElo "2733"]
[BlackElo "2653"]
[PlyCount "34"]
[EventDate "2007.05.02"]
[Source "www.chesslib.no"]
[SourceDate "2004.05.04"]

1. d4 d5 2. c4 c6 3. Nf3 Nf6 4. Nc3 dxc4 5. a4 Bf5 6. e3 e6 7. Bxc4 Nbd7 8. O-O Bb4 9. Qe2 O-O 10. e4 Bg6 11. Bd3 Bh5 12. e5 Nd5 13. Nxd5 cxd5 14. Qe3 Be7 15. Ng5 Bxg5 16. Qxg5 Bg6 17. Be2 Nb8 1/2-1/2

[Event "ch-Euro Blitz"]
[Site "Ajaccio FRA"]
[Date "2007.10.25"]
[Round "18"]
[White "Van Wely, L."]
[Black "Fressinet, L."]
[Result "0-1"]
[WhiteElo "2679"]
[BlackElo "2654"]
[PlyCount "73"]
[EventDate "2007.10.25"]
[Source "www.chesslib.no"]
[SourceDate "2004.05.04"]

1. d4 d5 2. c4 c6 3. Nf3 Nf6 4. Nc3 dxc4 5. a4 Bf5 6. e3 e6 7. Bxc4 Bb4 8. O-O Nbd7 9. Qe2 O-O 10. e4 Bg4 11. e5 Nd5 12. Ne4 c5 13. h3 Bh5 14. Bg5 Qa5 15. g4 Bg6 16. Bb5 N5b6 17. Nd6 Rab8 18. Nd2 Nd5 19. Bxd7 cxd4 20. Bb5 h6 21. Nb3 Qb6 22. a5 Bxa5 23. Bxh6 d3 24. Qf3 Bb4 25. Bg5 Bxd6 26. exd6 Qxb5 27. Nd4 Qxb2 28. Nf5 Qe2 29. Qg2 exf5 30. Qxd5 fxg4 31. Rfe1 Qc2 32. Rec1 Qb2 33. d7 gxh3 34. Rab1 Qa3 35. Rxb7 Rxb7 36. Qxb7 Qa4 37. Qd5 0-1

[Event "Liepaja rap"]
[Site "Liepaja"]
[Date "2001.08.03"]
[Round "7"]
[White "Adianto, Utut"]
[Black "Shirov, Alexei"]
[Result "0-1"]
[WhiteElo "2598"]
[BlackElo "2706"]
[PlyCount "65"]
[EventDate "2001.08.02"]
[Source "ChessBase"]
[SourceDate "2001.11.13"]

1. d4 d5 2. c4 c6 3. Nf3 Nf6 4. Nc3 dxc4 5. a4 Bf5 6. e3 e6 7. Bxc4 Nbd7 8. O-O Bb4 9. Qe2 Bg6 10. e4 O-O 11. Bd3 h6 12. Bf4 Rc8 13. Rfd1 a6 14. h3 Re8 15. Na2 Bf8 16. b4 a5 17. bxa5 Qxa5 18. Rab1 Qxa4 19. Rxb7 Qa8 20. Rb2 c5 21. Ba6 Bxe4 22. Bxc8 Rxc8 23. dxc5 Nxc5 24. Ne1 Na4 25. Rbd2 Bd5 26. Be5 Ne4 27. Rc2 Bc5 28. Qg4 f6 29. Bd4 Bb3 30. Rdc1 Bxc2 31. Qxe6+ Kh8 32. Nxc2 Nb2 33. Re1 0-1

[Event "Corr"]
[Site "?"]
[Date "1999.??.??"]
[Round "?"]
[White "Elwert Hans-Marcus"]
[Black "Morgado Juan Sebastian"]
[Result "1-0"]
[WhiteElo "2681"]
[BlackElo "2618"]
[PlyCount "115"]
[EventDate "1999.??.??"]
[Source "www.chesslib.no"]
[SourceDate "2004.05.04"]

1. Nf3 d5 2. d4 Nf6 3. c4 c6 4. Nc3 dxc4 5. a4 Bf5 6. e3 e6 7. Bxc4 Bb4 8. O-O Nbd7 9. Qe2 Bg6 10. e4 O-O 11. Bd3 Bh5 12. e5 Nd5 13. Nxd5 cxd5 14. Qe3 h6 15. Ne1 Bxe1 16. Rxe1 Bg6 17. Be2 Rc8 18. Bd2 Nb8 19. Bb4 Re8 20. Bb5 Nc6 21. Bc5 Qg5 22. Qxg5 hxg5 23. a5 a6 24. Bf1 f6 25. b4 fxe5 26. dxe5 g4 27. Ra2 Be4 28. Bd6 Nd4 29. Rd2 Nb5 30. Bc5 Bf5 31. Re3 Kf7 32. f3 gxf3 33. Rxf3 Kg6 34. Rdf2 Rc7 35. h4 Kh7 36. g4 Bxg4 37. Rf7 Rec8 38. Bd3+ Kh6 39. Kg2 Nc3 40. Kg3 Bf5 41. Rxc7 Rxc7 42. Bxf5 exf5 43. Rxf5 g6 44. Rf8 Ne4+ 45. Kf4 Nxc5 46. bxc5 d4 47. Ke4 d3 48. e6 Kg7 49. Rf1 Rxc5 50. e7 Rc2 51. Kxd3 Rc8 52. Kd4 Re8 53. Re1 Kf7 54. Kc5 Rc8+ 55. Kb6 Ke8 56. Kxb7 Rc4 57. Kxa6 Rxh4 58. Kb5 1-0

[Event "Madrid"]
[Site "?"]
[Date "1995.??.??"]
[Round "?"]
[White "Timman, J."]
[Black "Short, N."]
[Result "1/2-1/2"]
[WhiteElo "2635"]
[BlackElo "2655"]
[PlyCount "56"]
[EventDate "1995.??.??"]
[Source "ChessBase"]
[SourceDate "1995.02.01"]

1. d4 d5 2. c4 c6 3. Nf3 Nf6 4. Nc3 dxc4 5. a4 Bf5 6. e3 e6 7. Bxc4 Bb4 8. O-O Nbd7 9. Qe2 Bg6 10. e4 O-O 11. Bd3 h6 12. Bf4 Rc8 13. Rfd1 Re8 14. h3 a6 15. Bg3 Bh5 16. Bh2 Bxf3 17. Qxf3 e5 18. dxe5 Nxe5 19. Bxe5 Rxe5 20. Bxa6 Qe7 21. Bc4 Re8 22. Rac1 Bxc3 23. Qxc3 Nxe4 24. Qd4 Qf6 25. b4 Ng5 26. Bf1 Qg6 27. Qd3 Re4 28. b5 cxb5 1/2-1/2

[Event "Amber-blind 8th"]
[Site "Monte Carlo"]
[Date "1999.03.17"]
[Round "2"]
[White "Lautier, Joel"]
[Black "Gelfand, Boris"]
[Result "1-0"]
[WhiteElo "2596"]
[BlackElo "2691"]
[PlyCount "91"]
[EventDate "1999.03.16"]
[Source "ChessBase"]
[SourceDate "1999.05.10"]

1. d4 d5 2. c4 c6 3. Nf3 Nf6 4. Nc3 dxc4 5. a4 Bf5 6. e3 e6 7. Bxc4 Bb4 8. O-O Nbd7 9. Qe2 Bg6 10. e4 O-O 11. Bd3 h6 12. Rd1 a6 13. Bf4 Re8 14. h3 Rc8 15. Rac1 Qa5 16. Nd2 b5 17. axb5 axb5 18. Nb3 Qb6 19. e5 Nd5 20. Nxd5 exd5 21. Bxg6 fxg6 22. Bd2 Be7 23. Rc2 Nf8 24. Qd3 Ra8 25. Rdc1 Rec8 26. Be3 Ra4 27. Nd2 Qb7 28. b3 Ra6 29. f4 Qd7 30. g4 h5 31. f5 hxg4 32. hxg4 gxf5 33. gxf5 g6 34. Rf1 gxf5 35. Rxf5 c5 36. dxc5 Rg6+ 37. Kf1 Kg7 38. Nf3 Ne6 39. b4 d4 40. Rg2 Rxg2 41. Kxg2 Rd8 42. Qe4 dxe3 43. Qg4+ Bg5 44. Nxg5 Qd2+ 45. Kh3 Rh8+ 46. Nh7+ 1-0

[Event "Amber-blind 9th"]
[Site "Monte Carlo"]
[Date "2000.03.17"]
[Round "2"]
[White "Lautier, Joel"]
[Black "Van Wely, Loek"]
[Result "0-1"]
[WhiteElo "2632"]
[BlackElo "2646"]
[PlyCount "92"]
[EventDate "2000.03.16"]
[Source "ChessBase"]
[SourceDate "2000.05.31"]

1. d4 d5 2. c4 c6 3. Nf3 Nf6 4. Nc3 dxc4 5. a4 Bf5 6. e3 e6 7. Bxc4 Bb4 8. O-O Nbd7 9. Qe2 Bg6 10. e4 O-O 11. Bd3 h6 12. Rd1 Re8 13. e5 Bxd3 14. Rxd3 Nd5 15. Bd2 Be7 16. Ne1 Nf8 17. Ne4 Ng6 18. Rb3 b6 19. a5 c5 20. dxc5 bxc5 21. Rg3 Rb8 22. b3 Bh4 23. Rxg6 fxg6 24. Nxc5 Bg5 25. Bxg5 Qxg5 26. Ned3 Nf4 27. Nxf4 Qxf4 28. g3 Qd4 29. Rc1 Rec8 30. Rc4 Qd5 31. b4 Rf8 32. Re4 Rbd8 33. Qg4 Qd1+ 34. Kg2 Qxg4 35. Rxg4 Rd2 36. Ne4 Rb2 37. Rxg6 Rxb4 38. Nc5 Kf7 39. Rxe6 Rc8 40. Nd3 Kxe6 41. Nxb4 Kxe5 42. Kf3 Rc3+ 43. Ke2 Kd4 44. Kd2 Rc5 45. a6 Kc4 46. Nc2 Ra5 0-1

[Event "Moscow ol (Men)"]
[Site "Moscow"]
[Date "1994.??.??"]
[Round "3"]
[White "Sokolov, Ivan"]
[Black "Oll, Lembit"]
[Result "1/2-1/2"]
[WhiteElo "2625"]
[BlackElo "2615"]
[PlyCount "52"]
[EventDate "1994.11.??"]
[Source "ChessBase"]

1. d4 d5 2. c4 c6 3. Nc3 Nf6 4. Nf3 dxc4 5. a4 Bf5 6. e3 e6 7. Bxc4 Bb4 8. O-O Nbd7 9. Qe2 Bg6 10. e4 O-O 11. Bd3 h6 12. Bf4 Rc8 13. h3 Re8 14. Rfd1 a6 15. Na2 Bf8 16. b4 a5 17. bxa5 Qxa5 18. Bd2 Qc7 19. e5 Bxd3 20. Qxd3 Nd5 21. Nc3 Nxc3 22. Bxc3 Nb6 23. a5 Nd5 24. Be1 c5 25. dxc5 Bxc5 26. Qb5 Qc6 1/2-1/2

[Event "MTO"]
[Site "Biel"]
[Date "2004.07.25"]
[Round "6"]
[White "Avrukh, Boris"]
[Black "Kobalija, Mihail"]
[Result "1/2-1/2"]
[WhiteElo "2600"]
[BlackElo "2618"]
[PlyCount "51"]
[EventDate "2004.07.19"]
[Source "Roberto Alvarez"]
[SourceDate "2004.08.10"]

1. d4 d5 2. c4 c6 3. Nc3 Nf6 4. Nf3 dxc4 5. a4 Bf5 6. e3 e6 7. Bxc4 Bb4 8. O-O Nbd7 9. Qe2 Bg6 10. e4 O-O 11. Bd3 h6 12. Bd2 Qe7 13. e5 Nd5 14. a5 Bxd3 15. Qxd3 Rfd8 16. Rfc1 Rac8 17. Ne4 Nb8 18. Bxb4 Nxb4 19. Qa3 N8a6 20. Rc4 Rb8 21. Re1 Nd5 22. Nd6 Nac7 23. Qc5 Na6 24. Qa3 Nac7 25. Qc5 Na6 26. Qa3 1/2-1/2

[Event "Cap d'Agde-B"]
[Site "Cap d'Agde"]
[Date "1998.10.26"]
[Round "3"]
[White "Adianto, Utut"]
[Black "Morovic Fernandez, Ivan"]
[Result "1-0"]
[WhiteElo "2610"]
[BlackElo "2605"]
[PlyCount "95"]
[EventDate "1998.10.??"]
[Source "www.chesslib.no"]
[SourceDate "2004.05.04"]

1. d4 d5 2. c4 c6 3. Nf3 Nf6 4. Nc3 dxc4 5. a4 Bf5 6. e3 e6 7. Bxc4 Bb4 8. O-O Nbd7 9. Qe2 Bg6 10. e4 O-O 11. Bd3 Qa5 12. Bf4 c5 13. Nb5 a6 14. Nd6 cxd4 15. Nc4 Qd8 16. Rfd1 Nh5 17. Bg5 Be7 18. Bd2 Nc5 19. Nfe5 Nf6 20. Nxg6 hxg6 21. Ba5 Qe8 22. Bc2 d3 23. Bxd3 Nb3 24. Ra2 b5 25. Nb6 Rd8 26. axb5 axb5 27. Qc2 Nd4 28. Qb1 Qc6 29. b4 Rb8 30. e5 Nd5 31. Be4 Rxb6 32. Rxd4 Rb7 33. Rc2 Qd7 34. Qd1 Re8 35. g3 Bf8 36. Qf3 Qe7 37. h4 Rd7 38. Rc5 Nxb4 39. Rxd7 Qxd7 40. Rc7 Qxc7 41. Bxc7 Na6 42. Ba5 Nc5 43. Bc6 Rb8 44. Bc7 Rc8 45. Bd6 b4 46. Bxf8 Kxf8 47. Be4 Rb8 48. Bxg6 1-0

[Event "Podolsk"]
[Site "?"]
[Date "1993.??.??"]
[Round "?"]
[White "Oll, L."]
[Black "Chernin, A."]
[Result "1-0"]
[WhiteElo "2595"]
[BlackElo "2615"]
[PlyCount "73"]
[EventDate "1993.??.??"]
[Source "ChessBase"]
[SourceDate "1993.10.01"]

1. d4 d5 2. c4 c6 3. Nf3 Nf6 4. Nc3 dxc4 5. a4 Bf5 6. e3 e6 7. Bxc4 Bb4 8. O-O Nbd7 9. Qe2 Bg6 10. e4 O-O 11. Bd3 Bh5 12. e5 Nd5 13. Ne4 Be7 14. a5 Rc8 15. Ng3 Bg6 16. Bxg6 hxg6 17. Ne4 c5 18. Nc3 Nxc3 19. bxc3 Nb8 20. Rd1 Nc6 21. a6 bxa6 22. dxc5 Qc7 23. Rd6 Na5 24. Bg5 Bxg5 25. Nxg5 Qxc5 26. Rd3 Nc4 27. Qg4 Rfd8 28. Nxe6 Rxd3 29. Nxc5 Rxc5 30. e6 Ne5 31. exf7+ Kxf7 32. Qf4+ Kg8 33. h3 a5 34. Rb1 Nd7 35. Rb7 Rcxc3 36. Rxa7 Nf6 37. Qg5 1-0

[Event "Oberwart op"]
[Site "Oberwart"]
[Date "1996.??.??"]
[Round "7"]
[White "Lerner, Konstantin Z"]
[Black "Sadler, Matthew"]
[Result "0-1"]
[WhiteElo "2580"]
[BlackElo "2615"]
[PlyCount "126"]
[EventDate "1996.07.??"]
[Source "www.chesslib.no"]
[SourceDate "2004.05.04"]

1. d4 d5 2. c4 c6 3. Nf3 Nf6 4. Nc3 dxc4 5. a4 Bf5 6. e3 e6 7. Bxc4 Bb4 8. O-O Nbd7 9. Qe2 O-O 10. e4 Bg6 11. Bd3 Bh5 12. e5 Nd5 13. Nxd5 cxd5 14. Qe3 Be7 15. Bd2 a6 16. Rfc1 Nb8 17. b4 Bxf3 18. gxf3 Nc6 19. Rcb1 Qb6 20. Bc3 Rfc8 21. b5 axb5 22. Bxb5 Qc7 23. Bd2 b6 24. f4 g6 25. Kh1 Kh8 26. Be2 Na5 27. Bb4 Bxb4 28. Rxb4 Nc4 29. Qc3 Qc6 30. Qe1 Ra7 31. Kg1 Rca8 32. Qd1 Kg7 33. Ra2 Ra5 34. Qb3 Qd7 35. Bxc4 dxc4 36. Qxc4 Rc8 37. Qf1 Rc3 38. Ra1 Qc6 39. Qe2 Ra7 40. Rab1 Rxa4 41. Rxa4 Qxa4 42. Qd2 Qc4 43. f5 exf5 44. Rd1 h6 45. Qe1 Kh7 46. Qf1 Qe6 47. Qe1 Qc4 48. Qf1 Qa4 49. Qe1 Ra3 50. Qd2 Qc4 51. Qe1 b5 52. Qf1 Qa4 53. Qe2 f4 54. Qd2 f3 55. h3 Ra1 56. Re1 Rxe1+ 57. Qxe1 Qxd4 58. e6 Qd5 59. Qe3 Qxe6 60. Qxf3 b4 61. Kg2 b3 62. Qb7 Qc4 63. Qd7 b2 0-1

[Event "GER-ARM"]
[Site "Baden-Baden"]
[Date "1996.??.??"]
[Round "2"]
[White "Gabriel, Christian"]
[Black "Akopian, Vladimir"]
[Result "0-1"]
[WhiteElo "2565"]
[BlackElo "2630"]
[PlyCount "144"]
[EventDate "1996.07.31"]
[Source "ChessBase"]

1. d4 d5 2. c4 c6 3. Nf3 Nf6 4. Nc3 dxc4 5. a4 Bf5 6. e3 e6 7. Bxc4 Bb4 8. O-O Nbd7 9. Qe2 Bg6 10. e4 O-O 11. Bd3 Bh5 12. e5 Nd5 13. Ne4 Be7 14. Ng3 Bg6 15. Bxg6 hxg6 16. Ne4 c5 17. Rd1 cxd4 18. Rxd4 Rc8 19. Be3 Qc7 20. Rc1 Qb8 21. Nc3 Nxc3 22. bxc3 Nxe5 23. Bf4 Nxf3+ 24. Qxf3 Qa8 25. Rd7 Bf6 26. Qxb7 Qxb7 27. Rxb7 Rc4 28. Bd6 Rd8 29. Bb4 Bxc3 30. Bxc3 Rxc3 31. Rcb1 a5 32. Ra7 Rcd3 33. g3 Rd1+ 34. Rxd1 Rxd1+ 35. Kg2 Rd5 36. Ra8+ Kh7 37. h4 g5 38. hxg5 Rxg5 39. Kf3 Rf5+ 40. Ke3 g5 41. Ra7 g4 42. Rc7 Kg6 43. Rc4 Kg5 44. Rc7 Kg6 45. Ke2 Re5+ 46. Kd3 f6 47. Ra7 f5 48. Kd2 Rc5 49. Ke3 Kf6 50. Kd3 Ke5 51. Ra6 Kd5 52. Ra8 Kd6 53. Ra6+ Ke5 54. Rb6 Kf6 55. Ra6 Rd5+ 56. Ke3 Re5+ 57. Kd3 Ke7 58. Ra7+ Kd6 59. Ra6+ Kd7 60. Kd4 Re4+ 61. Kc5 Rxa4 62. Ra7+ Ke8 63. Kd6 Re4 64. Rxa5 Kf7 65. Ra2 Kf6 66. Rd2 f4 67. gxf4 Kf5 68. Ke7 Rxf4 69. Kd6 e5 70. Re2 Rd4+ 71. Ke7 e4 72. Ra2 e3 0-1

[Event "Moscow (ol)"]
[Site "?"]
[Date "1994.??.??"]
[Round "?"]
[White "Xu, Jun"]
[Black "Akopian, V."]
[Result "1/2-1/2"]
[WhiteElo "2560"]
[BlackElo "2630"]
[PlyCount "90"]
[EventDate "1994.??.??"]
[Source "ChessBase"]
[SourceDate "1995.02.01"]

1. d4 d5 2. c4 c6 3. Nf3 Nf6 4. Nc3 dxc4 5. a4 Bf5 6. e3 e6 7. Bxc4 Bb4 8. O-O Nbd7 9. Qe2 Bg6 10. e4 O-O 11. Bd3 Bh5 12. e5 Nd5 13. Ne4 Be7 14. Ng3 Bg6 15. Bxg6 hxg6 16. Ne4 c5 17. Nc3 Qb6 18. Nxd5 exd5 19. dxc5 Nxc5 20. Be3 Qe6 21. a5 a6 22. Rac1 Rac8 23. Rfd1 Nb3 24. Rxc8 Rxc8 25. Bb6 Bd8 26. Bxd8 Rxd8 27. Qe1 Qe7 28. Qc3 Nc5 29. Qb4 Kf8 30. Kf1 Ne6 31. Qxe7+ Kxe7 32. Rd3 d4 33. Rb3 Rd7 34. g3 Nd8 35. Rb6 Rd5 36. b4 d3 37. Ke1 Kd7 38. Kd2 Kc7 39. Rd6 Rxd6 40. exd6+ Kxd6 41. Kxd3 Kd5 42. Nd2 Nc6 43. Kc3 Ne5 44. Nb3 Nc4 45. f4 f6 1/2-1/2

[Event "Garmisch"]
[Site "Garmisch"]
[Date "1994.??.??"]
[Round "3"]
[White "Lobron, Eric"]
[Black "Huebner, Robert"]
[Result "1-0"]
[WhiteElo "2580"]
[BlackElo "2605"]
[PlyCount "62"]
[EventDate "1994.??.??"]
[Source "ChessBase"]

1. d4 d5 2. c4 c6 3. Nf3 Nf6 4. Nc3 dxc4 5. a4 Bf5 6. e3 e6 7. Bxc4 Bb4 8. O-O Nbd7 9. Qe2 Bg4 10. Rd1 O-O 11. e4 Bxf3 12. Qxf3 e5 13. d5 Qe7 14. Bg5 h6 15. Bh4 Qc5 16. dxc6 bxc6 17. Ba2 Qb6 18. Ne2 Bc5 19. Rd2 Bd4 20. Nxd4 exd4 21. Bxf6 Nxf6 22. e5 Nh7 23. h4 Rae8 24. Re2 Qb4 25. Bb1 Re6 26. Qd3 g6 27. Ba2 Rfe8 28. Bxe6 Rxe6 29. f4 Nf8 30. Rf1 Nd7 31. Rd2 c5 1-0

[Event "Sochi"]
[Site "?"]
[Date "1986.??.??"]
[Round "?"]
[White "Vaganian, R."]
[Black "Chernin, A."]
[Result "1-0"]
[WhiteElo "2600"]
[BlackElo "2565"]
[PlyCount "77"]
[EventDate "1986.??.??"]
[Source "ChessBase"]
[SourceDate "1986.07.01"]

1. Nf3 d5 2. d4 c6 3. c4 Nf6 4. Nc3 dxc4 5. a4 Bf5 6. e3 e6 7. Bxc4 Bb4 8. O-O Nbd7 9. Qe2 Bg6 10. e4 O-O 11. Bd3 Bh5 12. e5 Nd5 13. Nxd5 cxd5 14. Qe3 Be7 15. Bd2 Nb8 16. Ne1 Bg6 17. f4 Nc6 18. g4 f5 19. exf6 Bxf6 20. Bc3 Qe8 21. h3 Kh8 22. Rd1 Bd8 23. Rd2 Bb6 24. Kg2 Qf7 25. Rf3 Rad8 26. b4 Ne7 27. Re2 Bxd3 28. Nxd3 Ng6 29. Be1 Rde8 30. Bg3 Bc7 31. b5 Bd6 32. Ne5 Qc7 33. f5 exf5 34. gxf5 Ne7 35. f6 gxf6 36. Qh6 Kg8 37. Ng4 Bxg3 38. Nxf6+ Rxf6 39. Qxf6 1-0

[Event "Deutschland"]
[Site "?"]
[Date "1995.??.??"]
[Round "?"]
[White "Lutz, Ch"]
[Black "Ribli, Z."]
[Result "1/2-1/2"]
[WhiteElo "2560"]
[BlackElo "2600"]
[PlyCount "74"]
[EventDate "1995.??.??"]
[Source "ChessBase"]
[SourceDate "1995.02.01"]

1. d4 d5 2. c4 c6 3. Nf3 Nf6 4. Nc3 dxc4 5. a4 Bf5 6. e3 e6 7. Bxc4 Bb4 8. O-O Nbd7 9. Qe2 O-O 10. e4 Bg6 11. Bd3 h6 12. h3 a6 13. Rd1 Rc8 14. Bf4 Re8 15. Na2 Bf8 16. b4 a5 17. bxa5 Qxa5 18. Nc1 c5 19. Ne5 cxd4 20. Nxg6 fxg6 21. e5 Nd5 22. Bd2 Nc3 23. Bxc3 Qxc3 24. Rb1 Nc5 25. Bxg6 Red8 26. Nd3 Nxa4 27. Qg4 Qc6 28. Be4 Qe8 29. Rxb7 Nc3 30. Re1 Nxe4 31. Rxe4 Qc6 32. Rb1 Qd5 33. Rbe1 Rc6 34. Nf4 Qa2 35. Nh5 Qd2 36. Nf6+ Kf7 37. Qh5+ g6 1/2-1/2

[Event "Portoroz/Ljubljana"]
[Site "Ljubljana"]
[Date "1985.??.??"]
[Round "8"]
[White "Christiansen, Larry Mark"]
[Black "Smyslov, Vassily"]
[Result "1/2-1/2"]
[WhiteElo "2560"]
[BlackElo "2600"]
[PlyCount "39"]
[EventDate "1985.06.??"]
[Source "ChessBase"]

1. d4 d5 2. c4 c6 3. Nf3 Nf6 4. Nc3 dxc4 5. a4 Bf5 6. e3 e6 7. Bxc4 Bb4 8. O-O Nbd7 9. Qe2 O-O 10. e4 Bg6 11. Bd3 Qa5 12. Bf4 Rfe8 13. Rfc1 Nh5 14. Be3 e5 15. d5 Nf4 16. Bxf4 exf4 17. dxc6 bxc6 18. Na2 Bh5 19. Nxb4 Qxb4 20. Qd2 1/2-1/2

[Event "London"]
[Site "?"]
[Date "1994.??.??"]
[Round "?"]
[White "Petursson, M."]
[Black "Oll, L."]
[Result "1/2-1/2"]
[WhiteElo "2540"]
[BlackElo "2615"]
[PlyCount "82"]
[EventDate "1994.??.??"]
[Source "ChessBase"]
[SourceDate "1994.06.01"]

1. d4 d5 2. c4 c6 3. Nf3 Nf6 4. Nc3 dxc4 5. a4 Bf5 6. e3 e6 7. Bxc4 Bb4 8. O-O Nbd7 9. Qe2 Bg6 10. e4 O-O 11. Bd3 h6 12. Bf4 Re8 13. h3 Rc8 14. Rfd1 a6 15. Na2 Bf8 16. b4 a5 17. bxa5 Qxa5 18. Rdb1 c5 19. Ne5 cxd4 20. Nxg6 fxg6 21. e5 Nd5 22. Bg3 Ne7 23. Nc1 Nf5 24. Bh2 Bb4 25. Bb5 Red8 26. Nd3 Bc3 27. Ra3 Nf8 28. Qe4 Qc7 29. Nf4 d3 30. Nxd3 Nd4 31. Bg3 Nxb5 32. Rxb5 Rd4 33. Qf3 Qc4 34. Rxb7 Nd7 35. Nf4 Bb2 36. Nxe6 Qxe6 37. Rxb2 Rc1+ 38. Kh2 Rdd1 39. Bf4 Rh1+ 40. Kg3 Rcg1 41. Qg4 Qd5 1/2-1/2

[Event "Nova Gorica op 5th"]
[Site "Nova Gorica"]
[Date "2000.02.08"]
[Round "8"]
[White "Atalik, Suat"]
[Black "Miles, Anthony J"]
[Result "1/2-1/2"]
[WhiteElo "2575"]
[BlackElo "2579"]
[PlyCount "27"]
[EventDate "2000.02.01"]
[Source "www.chesslib.no"]
[SourceDate "2004.05.04"]

1. d4 d5 2. c4 c6 3. Nf3 Nf6 4. Nc3 dxc4 5. a4 Bf5 6. e3 e6 7. Bxc4 Bb4 8. O-O Nbd7 9. Qe2 O-O 10. e4 Bg6 11. Bd3 Bh5 12. e5 Nd5 13. Nxd5 exd5 14. Bf5 1/2-1/2

[Event "Finjub30 GM2"]
[Site "Finjub30 GM2"]
[Date "1992.??.??"]
[Round "?"]
[White "Breazu, Mihai"]
[Black "Kujala, Auvo"]
[Result "0-1"]
[WhiteElo "2505"]
[BlackElo "2645"]
[PlyCount "74"]
[EventDate "1992.??.??"]
[Source "www.chesslib.no"]
[SourceDate "2004.05.04"]

1. d4 d5 2. c4 dxc4 3. Nf3 Nf6 4. Nc3 c6 5. a4 Bf5 6. e3 e6 7. Bxc4 Bb4 8. O-O Nbd7 9. Qe2 Bg6 10. e4 O-O 11. Bd3 Bh5 12. e5 Nd5 13. Ne4 Be7 14. Bb1 Rc8 15. Ng3 Bg6 16. Bxg6 hxg6 17. Ne4 c5 18. Bg5 cxd4 19. Bxe7 Qxe7 20. Rfd1 Nb4 21. Nd6 Rc5 22. Nc4 d3 23. Qe4 Rd8 24. b3 Nb8 25. Rd2 N8c6 26. Re1 Rcd5 27. Qg4 Nc2 28. Re4 Qb4 29. h4 N2d4 30. Nxd4 Rxd4 31. Rxd4 Rxd4 32. Qd1 Re4 33. g3 Nxe5 34. Nxe5 Rxe5 35. Kf1 Qe4 36. f3 Qf5 37. Kg2 Re3 0-1

[Event "Slovenija 86/392"]
[Site "?"]
[Date "2002.??.??"]
[Round "?"]
[White "Ribli, Z."]
[Black "Atalik, S."]
[Result "1/2-1/2"]
[WhiteElo "2574"]
[BlackElo "2575"]
[PlyCount "99"]
[EventDate "2002.??.??"]
[Source "Chess Informant"]
[SourceDate "2002.10.01"]

1. Nf3 d5 2. d4 Nf6 3. c4 c6 4. Nc3 dxc4 5. a4 Bf5 6. e3 e6 7. Bxc4 Bb4 8. O-O Nbd7 9. Qe2 Bg6 10. e4 O-O 11. Bd3 h6 12. Bf4 a6 13. Rfd1 Re8 14. h3 Rc8 15. Rac1 Qa5 16. Nd2 b5 17. Nb3 Qb6 18. axb5 cxb5 19. e5 Nd5 20. Nxd5 exd5 21. Rxc8 Rxc8 22. e6 Re8 23. exf7+ Bxf7 24. Qc2 Qf6 25. Bg3 Nb6 26. Nc5 Rc8 27. b3 Bh5 28. Be2 Bxe2 29. Qxe2 Bxc5 30. dxc5 Rxc5 31. Qa2 Nd7 32. b4 Rc4 33. Rxd5 Qe6 34. Qd2 Nf6 35. Rd6 Ne4 36. Rxe6 Nxd2 37. f3 Rxb4 38. Rxa6 Rb1+ 39. Kf2 Nc4 40. Rc6 Rb2+ 41. Kg1 Ne3 42. Bf2 Rb1+ 43. Kh2 Nf1+ 44. Kg1 b4 45. Bd4 Ne3+ 46. Kf2 Nf5 47. Be5 Rd1 48. g4 Rd2+ 49. Ke1 Rd5 50. f4 1/2-1/2

[Event "Ischia"]
[Site "Ischia"]
[Date "1996.??.??"]
[Round "4"]
[White "Gofshtein, Leonid D"]
[Black "Sadler, Matthew"]
[Result "0-1"]
[WhiteElo "2540"]
[BlackElo "2600"]
[PlyCount "68"]
[EventDate "1996.06.??"]
[Source "ChessBase"]

1. d4 d5 2. c4 c6 3. Nf3 Nf6 4. Nc3 dxc4 5. a4 Bf5 6. e3 e6 7. Bxc4 Bb4 8. O-O Nbd7 9. Qe2 O-O 10. e4 Bg6 11. Bd3 Bh5 12. Bf4 Qe7 13. e5 Nd5 14. Nxd5 cxd5 15. Qe3 Rfc8 16. a5 Bg6 17. Ra4 Bxd3 18. Qxd3 Rc4 19. h4 h6 20. h5 Nc5 21. dxc5 Rxf4 22. a6 bxa6 23. c6 a5 24. Rc1 Rc8 25. b3 Rc7 26. Rc2 Re4 27. Ra1 Bc5 28. Rxa5 Rxc6 29. Rb5 Qc7 30. Ra2 Bb6 31. Kh2 Rc3 32. Qd2 Qc6 33. Rxb6 axb6 34. Nd4 Rh4+ 0-1

[Event "ISR Ch"]
[Site "Tel Aviv ISR"]
[Date "1994.??.??"]
[Round "6"]
[White "Khenkin, Igor"]
[Black "Huzman, Alexander"]
[Result "1/2-1/2"]
[WhiteElo "2555"]
[BlackElo "2575"]
[PlyCount "154"]
[EventDate "1994.10.??"]
[Source "www.chesslib.no"]
[SourceDate "2004.05.04"]

1. d4 Nf6 2. c4 c6 3. Nc3 d5 4. Nf3 dxc4 5. a4 Bf5 6. e3 e6 7. Bxc4 Bb4 8. O-O Nbd7 9. Qe2 Bg6 10. e4 O-O 11. Bd3 Be7 12. h3 c5 13. d5 exd5 14. e5 Bxd3 15. Qxd3 Ne8 16. Qxd5 Nc7 17. Qxb7 Rb8 18. Qe4 Rb4 19. Qc2 Qc8 20. Rd1 Re8 21. Ne4 Ne6 22. Bd2 Rb7 23. Bc3 Nd4 24. Bxd4 cxd4 25. Qxc8 Rxc8 26. Rxd4 Rcc7 27. Rb1 Rb3 28. Nd6 a6 29. Nd2 Rb8 30. f4 f6 31. exf6 Nxf6 32. b4 Rd8 33. Nf5 Rxd4 34. Nxd4 Nd5 35. b5 axb5 36. axb5 Bc5 37. N2b3 Bb6 38. Kh2 Nxf4 39. Rf1 Nd5 40. Ne6 Rc8 41. Nbd4 Ne3 42. Rf3 Re8 43. Kg3 Nd5 44. Rf5 Ne3 45. Rf3 Nd5 46. Rf5 Ne3 47. Rf2 g6 48. Re2 Nd5 49. Rc2 Ra8 50. Kf3 Kf7 51. Ng5+ Kf6 52. Nxh7+ Ke5 53. Nc6+ Kd6 54. Kg3 Ra3+ 55. Kh2 Ne3 56. Rc1 Ra2 57. Rg1 Rb2 58. Nf8 Rxb5 59. Nb8 Rf5 60. Nbd7 Bd4 61. Re1 Rf2 62. Kg3 Nf5+ 63. Kh2 Ne3 64. Kg3 Rxg2+ 65. Kf3 Rh2 66. Rg1 Rxh3+ 67. Ke4 Rh4+ 68. Kd3 Nd5 69. Rxg6+ Kc7 70. Kc4 Ne7 71. Ra6 Bg7+ 72. Kd3 Nc6 73. Ke2 Re4+ 74. Kf3 Re8 75. Ra4 Bxf8 76. Nxf8 Rxf8+ 77. Ke4 Kd6 1/2-1/2

[Event "XVII Magistral"]
[Site "Elgoibar ESP"]
[Date "2007.12.12"]
[Round "4"]
[White "Miton, K."]
[Black "Gomez Esteban, J."]
[Result "1-0"]
[WhiteElo "2628"]
[BlackElo "2490"]
[PlyCount "73"]
[EventDate "2007.12.10"]
[Source "www.chesslib.no"]
[SourceDate "2004.05.04"]

1. d4 d5 2. c4 c6 3. Nc3 Nf6 4. Nf3 dxc4 5. a4 Bf5 6. e3 e6 7. Bxc4 Bb4 8. O-O Nbd7 9. Qe2 O-O 10. e4 Bg6 11. Bd3 Bh5 12. e5 Nd5 13. Nxd5 cxd5 14. Qe3 Nb8 15. Ng5 h6 16. Nh7 Bg6 17. Nxf8 Qxf8 18. Bd2 Nc6 19. Bxg6 fxg6 20. Qd3 Bxd2 21. Qxd2 Qf5 22. b4 Qg4 23. Rad1 Rf8 24. f3 Qh4 25. b5 Ne7 26. Rc1 g5 27. Rc7 Ng6 28. g3 Qh5 29. Qd3 b6 30. Rxa7 Rc8 31. a5 bxa5 32. b6 Kh7 33. b7 Rb8 34. Rb1 g4 35. f4 Qf5 36. Qxf5 exf5 37. Ra8 1-0

[Event "NED-ch"]
[Site "NED"]
[Date "1991.??.??"]
[Round "1"]
[White "Piket, Jeroen"]
[Black "Brenninkmeijer, Joris"]
[Result "1-0"]
[WhiteElo "2590"]
[BlackElo "2525"]
[PlyCount "83"]
[EventDate "1991.06.??"]
[Source "ChessBase"]

1. Nf3 d5 2. d4 Nf6 3. c4 c6 4. Nc3 dxc4 5. a4 Bf5 6. e3 e6 7. Bxc4 Bb4 8. O-O Nbd7 9. Qe2 Bg6 10. e4 O-O 11. Bd3 Bh5 12. Bf4 Re8 13. e5 Nd5 14. Nxd5 exd5 15. Bf5 Nf8 16. Qd3 Bg6 17. g4 Ne6 18. Bg3 c5 19. h4 cxd4 20. Nxd4 Nxd4 21. Qxd4 Qb6 22. Qxd5 Rad8 23. Qb5 Qxb5 24. axb5 Bxf5 25. gxf5 Rd5 26. Rxa7 Rxb5 27. Rfa1 f6 28. e6 h5 29. R1a4 Kh7 30. Kg2 g6 31. Ra8 Rxa8 32. Rxa8 gxf5 33. Rd8 Kg6 34. Bf4 Rb6 35. Rg8+ Kh7 36. Re8 Rc6 37. Rb8 Rb6 38. Bd2 Bd6 39. Rd8 Kg6 40. Bc3 Rc6 41. Rd7 Be5 42. e7 1-0